| Tag |
First Indicator |
Second Indicator |
Subfields |
| LEADER |
00000cam a2200000 a 4500 |
| 001 |
in00001182921 |
| 005 |
20151002051445.0 |
| 007 |
he bmb|||baca |
| 008 |
930616m18531871nyub b 001 0 eng d |
| 035 |
|
|
|a (OCoLC)28279888
|
| 035 |
|
|
|9 AGH3521AM
|
| 040 |
|
|
|a MIA
|c SA9
|d TXA
|d UtOrBLW
|
| 043 |
|
|
|a n-us-ny
|
| 049 |
|
|
|a TXAI
|
| 099 |
|
|
|a fiche
|a C
|a 15516
|
| 100 |
1 |
|
|a Brodhead, John Romeyn,
|d 1814-1873.
|
| 245 |
1 |
0 |
|a History of the state of New York /
|c by John Romeyn Brodhead.
|
| 250 |
|
|
|a 1st ed.
|
| 264 |
|
1 |
|a New York :
|b Harper & Brothers,
|c 1853-71.
|
| 300 |
|
|
|a 2 volumes :
|b map ;
|c 24 cm.
|
| 336 |
|
|
|a text
|b txt
|2 rdacontent
|
| 337 |
|
|
|a microform
|b h
|2 rdamedia
|
| 338 |
|
|
|a microfiche
|b he
|2 rdacarrier
|
| 500 |
|
|
|a No more published. The author's plan included a history of New York, down to the inauguration of Washington; to be divided into three periods ending with 1644, 1763 and 1789 respectively. cf. Prefaces volumes 1-2.
|
| 500 |
|
|
|a Includes index.
|
| 505 |
0 |
|
|a v. 1. 1609-1664 -- v. 2. [1664-1691]
|
| 510 |
4 |
|
|a Sabin
|c 8178
|
| 533 |
|
|
|a Microfiche.
|b Woodbridge, CT :
|c Research Publications,
|d 1992.
|e 17 microfiches : negative ; 11 x 15 cm.
|f (Selected Americana from Sabin's Dictionary of books relating to America)
|
| 500 |
|
|
|a Microform.
|
| 651 |
|
0 |
|a New York (State)
|x History
|y Colonial period, ca. 1600-1775.
|
| 999 |
|
|
|a MARS
|
| 999 |
f |
f |
|s 57f70f30-78ec-3b00-9047-a7cd21023e88
|i 1b47cb2d-206e-30cd-a753-6d1f4ace82f1
|t 0
|
| 952 |
f |
f |
|p default
|a Texas A&M University
|b College Station
|c Sterling C. Evans Library
|d Evans: Microforms (3rd floor)
|t 0
|e fiche C 15516
|h Other scheme
|i microform -- microfiche
|
| 998 |
f |
f |
|a fiche C 15516
|t 0
|l Evans: Microforms (3rd floor)
|